Reinforced concrete design (Record no. 13601)
[ view plain ]
| 000 -LEADER | |
|---|---|
| fixed length control field | 00376cam a2200145ua 4500 |
| 020 ## - INTERNATIONAL STANDARD BOOK NUMBER | |
| ISBN | 9780070141100 |
| 082 ## - DEWEY DECIMAL CLASSIFICATION NUMBER | |
| Classification number | 624.1834 |
| Item number | UNN/RE |
| 100 ## - MAIN ENTRY--AUTHOR NAME | |
| Personal name | Unnikrishna Pillai M. |
| 100 ## - MAIN ENTRY--AUTHOR NAME | |
| Personal name | Devadas Menon. |
| 245 0# - TITLE STATEMENT | |
| Title | Reinforced concrete design |
| 250 ## - EDITION STATEMENT | |
| Edition statement | 3. |
| 260 ## - PUBLICATION, DISTRIBUTION, ETC. (IMPRINT) | |
| Place of publication | New Delhi |
| Name of publisher | Tata Mc-Graw Hill Education Private Limited |
| Year of publication | 2012 |
| 300 ## - PHYSICAL DESCRIPTION | |
| Number of Pages | 962. |
| 942 ## - ADDED ENTRY ELEMENTS (KOHA) | |
| Koha item type | Books |
| Withdrawn status | Lost status | Damaged status | Collection code | Home library | Current library | Shelving location | Date acquired | Source of acquisition | Cost, normal purchase price | Full call number | Accession Number | Koha item type |
|---|---|---|---|---|---|---|---|---|---|---|---|---|
| KAUAET | KAUAET | General Stacks | 30/03/2013 | Aman Book Stall, Calicut | 515.00 | 624.1834 UNN/RE | 24105 | Books | ||||
| KAUAET | KAUAET | Scheme | 11/09/2018 | 624.1834 UNN/RE | BB 148 | Book Bank scheme for SC students | ||||||
| KAUAET | KAUAET | Scheme | 11/09/2018 | 624.1834 UNN/RE | BB 149 | Book Bank scheme for SC students | ||||||
| General Books | KAUAET | KAUAET | Scheme | 27/07/2020 | am | 697.00 | 624.1834 UNN/RE | BB 555 | Book Bank scheme for SC students | |||
| General Books | KAUAET | KAUAET | Scheme | 27/07/2020 | am | 697.00 | 624.1834 UNN/RE | BB 556 | Book Bank scheme for SC students |
